[Event "Championnat de France - Accession"]
[Site "Chartres"]
[Date "2005.08.24"]
[Round "8.3"]
[White "Collas, Didier"]
[Black "Roos, Louis"]
[Result "1/2-1/2"]
[WhiteElo "2425"]
[BlackElo "2334"]
[PlyCount "41"]
[EventDate "2005.??.??"]

1. e4 c6 2. d4 d5 3. Nd2 dxe4 4. Nxe4 Bf5 5. Ng3 Bg6 6. Nh3 Nd7 7. Nf4 Ngf6 8.
Bc4 Nb6 9. Bb3 Nbd5 10. Nd3 e6 11. O-O Bd6 12. Qe2 Bxd3 13. Qxd3 Qc7 14. Bd2
O-O-O 15. Rad1 h5 16. h3 Nf4 17. Qf3 g5 18. Bxf4 Bxf4 19. Ne2 Rh6 20. Nxf4 Qxf4
21. Qe3 1/2-1/2

[Event "Championnat de France - Accession"]
[Site "Chartres"]
[Date "2005.08.24"]
[Round "8.4"]
[White "Edouard, Romain"]
[Black "Gharamian, Tigran"]
[Result "1/2-1/2"]
[WhiteElo "2334"]
[BlackElo "2412"]
[PlyCount "53"]
[EventDate "2005.??.??"]

1. e4 c5 2. Nf3 d6 3. d4 cxd4 4. Nxd4 Nf6 5. Nc3 a6 6. g3 e5 7. Nde2 Be7 8. Bg2
Nbd7 9. O-O b5 10. h3 O-O 11. g4 b4 12. Nd5 Nxd5 13. exd5 a5 14. Ng3 Bg5 15. a3
Bxc1 16. Qxc1 bxa3 17. Rxa3 a4 18. Qd2 Nb6 19. Qb4 Rb8 20. Rfa1 Bd7 21. Ne4
Nxd5 22. Qxd6 Nb4 23. Rd1 Bb5 24. Qxd8 Rfxd8 25. Rxd8+ Rxd8 26. Nc3 Be8 27. Be4
1/2-1/2

[Event "Championnat de France - Accession"]
[Site "Chartres"]
[Date "2005.08.24"]
[Round "8.5"]
[White "Giffard, Nicolas"]
[Black "Onkoud, Abdelaziz"]
[Result "0-1"]
[WhiteElo "2330"]
[BlackElo "2361"]
[PlyCount "84"]
[EventDate "2005.??.??"]

1. d4 g6 2. c4 Bg7 3. Nf3 d6 4. g3 Nf6 5. Bg2 O-O 6. O-O Nc6 7. h3 a6 8. Nc3
Rb8 9. Nd5 b5 10. b3 Bb7 11. Nxf6+ Bxf6 12. Bh6 Re8 13. Rc1 bxc4 14. bxc4 e5
15. d5 Nd4 16. Nxd4 exd4 17. Rb1 a5 18. Qd3 Ba6 19. Bd2 {=} 19... Qd7 20. Rxb8
Rxb8 21. Bxa5 Rb2 22. a3 Qa4 23. Bxc7 Bxc4 24. Qf3 Be5 25. Re1 f5 26. Bf1 Rb3
27. Qg2 Qxa3 28. g4 f4 29. g5 Qc5 30. Bd8 Qxd5 31. Qxd5+ Bxd5 32. Rd1 Be6 33.
h4 f3 34. exf3 Rxf3 35. Rb1 Rf4 36. Be2 Rxh4 37. Rb8 Kf7 38. Rb7+ Ke8 39. Rb8
Bd5 40. Bb5+ Kf7 41. Kf1 Bf3 42. Ke1 Bf4 0-1

[Event "Championnat de France - Accession"]
[Site "Chartres"]
[Date "2005.08.24"]
[Round "8.6"]
[White "Dourerassou, Jonathan"]
[Black "Housieaux, David"]
[Result "1/2-1/2"]
[WhiteElo "2358"]
[BlackElo "2329"]
[PlyCount "72"]
[EventDate "2005.??.??"]

1. e4 e6 2. d4 d5 3. Nc3 Bb4 4. e5 Ne7 5. a3 Bxc3+ 6. bxc3 b6 7. Qg4 Ng6 8. h4
h5 9. Qg3 Ba6 10. Bxa6 Nxa6 11. Ne2 Qd7 12. a4 Qc6 13. Bg5 Kd7 14. f4 Raf8 15.
f5 exf5 16. Qd3 Nb8 17. O-O Kc8 18. Rxf5 f6 19. exf6 gxf6 20. Bd2 Rfg8 21. Be1
Ne7 22. Rf3 Rg4 23. a5 Rhg8 24. Bg3 b5 25. Nf4 Nd7 26. Re3 Ng6 27. Nxg6 R4xg6
28. a6 Nb6 29. Rae1 Nc4 30. Re6 Qd7 31. Qf5 Kd8 32. Bxc7+ Kxc7 33. Re7 Rxg2+
34. Kh1 Rg1+ 35. Kh2 R1g2+ 36. Kh1 Rg1+ 1/2-1/2

[Event "Championnat de France - Accession"]
[Site "Chartres"]
[Date "2005.08.24"]
[Round "8.7"]
[White "Bijaoui, Manuel"]
[Black "Manouck, Thierry"]
[Result "1/2-1/2"]
[WhiteElo "2338"]
[BlackElo "2273"]
[PlyCount "94"]
[EventDate "2005.??.??"]

1. e4 d6 2. d4 Nf6 3. Nc3 Nbd7 4. g4 h6 5. h3 e5 6. Be3 a6 7. Bg2 b5 8. Nge2
Bb7 9. Ng3 g6 10. Qd2 exd4 11. Bxd4 c5 12. Be3 Nb6 13. b3 b4 14. Nce2 Qe7 15.
O-O Bg7 16. Rad1 O-O-O 17. c3 Nxe4 18. Nxe4 Bxe4 19. cxb4 Bxg2 20. Kxg2 Kb7 21.
bxc5 dxc5 22. Qc2 Rc8 23. Ng3 Rhe8 24. Rfe1 Qe6 25. f3 Bd4 26. Bf2 Qd5 27. Ne4
Re6 28. b4 cxb4 29. Qd2 f5 30. Qxd4 Qxd4 31. Rxd4 fxe4 32. Rxb4 exf3+ 33. Kxf3
Rc3+ 34. Re3 Rf6+ 35. Kg3 Rxe3+ 36. Bxe3 a5 37. Rxb6+ Rxb6 38. Bxb6 Kxb6 39. g5
hxg5 40. Kg4 Kb5 41. Kxg5 Ka4 42. Kxg6 Ka3 43. h4 Kxa2 44. h5 a4 45. h6 a3 46.
h7 Kb1 47. h8=Q a2 1/2-1/2

[Event "Championnat de France - Accession"]
[Site "Chartres"]
[Date "2005.08.24"]
[Round "8.8"]
[White "Philippe, Christophe"]
[Black "Bernard, Christophe"]
[Result "1/2-1/2"]
[WhiteElo "2411"]
[BlackElo "2321"]
[PlyCount "111"]
[EventDate "2005.??.??"]

1. e4 c5 2. Nf3 d6 3. d4 cxd4 4. Nxd4 Nf6 5. Nc3 Nc6 6. Bc4 Qb6 7. Nb3 e6 8.
O-O a6 9. Be3 Qc7 10. f4 b5 11. Bd3 Be7 12. Qf3 Bb7 13. Qh3 Nb4 14. a3 Nxd3 15.
cxd3 g6 16. Rac1 Qd8 17. Nd4 h5 18. Nce2 Qd7 19. Rc2 O-O 20. f5 e5 21. Nb3 Rac8
22. Rxc8 Rxc8 23. Nc3 d5 24. Bg5 Nxe4 25. dxe4 Bxg5 26. fxg6 Qxh3 27. gxf7+ Kf8
28. gxh3 Be3+ 29. Kg2 d4 30. Nd5 Rc2+ 31. Kg3 Bxd5 32. exd5 Bf4+ 33. Kh4 Kxf7
34. Nxd4 Rxb2 35. Ne6 Rxh2 36. Nxf4 exf4 37. Rxf4+ Ke7 38. a4 Kd6 39. Rf6+ Kxd5
40. Rxa6 bxa4 41. Rxa4 Ke5 42. Ra3 Kf6 43. Rg3 Ra2 44. Kxh5 Ra8 45. Rg6+ Kf7
46. Rg5 Rh8+ 47. Kg4 Rg8 48. h4 Rxg5+ 49. hxg5 Kg6 50. Kf4 Kg7 51. Kf5 Kf7 52.
g6+ Kg7 53. Kg5 Kg8 54. Kf5 Kg7 55. Kg5 Kg8 56. Kf6 1/2-1/2

[Event "Championnat de France - Accession"]
[Site "Chartres"]
[Date "2005.08.24"]
[Round "8.9"]
[White "Chomet, Pascal"]
[Black "Olivier, Jean-Christophe"]
[Result "1/2-1/2"]
[WhiteElo "2317"]
[BlackElo "2373"]
[PlyCount "104"]
[EventDate "2005.??.??"]

1. e4 c5 2. d3 Nc6 3. g3 g6 4. Bg2 Bg7 5. Nd2 e6 6. f4 d6 7. Nh3 Nge7 8. Nf2
O-O 9. h4 e5 10. h5 d5 11. c3 exf4 12. gxf4 dxe4 13. dxe4 Be6 14. Qe2 f5 15.
hxg6 hxg6 16. exf5 Bxf5 17. Qc4+ Rf7 18. Nde4 Na5 19. Qe2 Nd5 20. Ng5 Nxc3 21.
Nxf7 Kxf7 22. Qf3 Qe8+ 23. Qe3 Nc4 24. Qxe8+ Rxe8+ 25. Kf1 Ne4 26. Nxe4 Bxe4
27. Bxe4 Rxe4 28. Rh2 Ke6 29. Rg2 Kf7 30. Rb1 b6 31. a3 Ne3+ 32. Bxe3 Rxe3 33.
Re2 Rb3 34. Ke1 {=} 34... Bd4 35. Kd1 Rf3 36. Re4 Kf6 37. Kc2 Rf2+ 38. Kb3 Kf5
39. Re7 Kxf4 40. Rf7+ Kg3 41. Rxa7 Rf4 42. Rb7 g5 43. Ka2 Rf6 44. Kb3 Kf2 45.
Kc4 g4 46. Kb5 g3 47. Rxb6 Rxb6+ 48. Kxb6 g2 49. Rc1 Bxb2 50. Rc2+ Kf3 51. Rxg2
Kxg2 52. Kxc5 Bxa3+ 1/2-1/2

[Event "Championnat de France - Accession"]
[Site "Chartres"]
[Date "2005.08.24"]
[Round "8.10"]
[White "Bedouin, Xavier"]
[Black "Colin, Vincent"]
[Result "0-1"]
[WhiteElo "2274"]
[BlackElo "2368"]
[PlyCount "176"]
[EventDate "2005.??.??"]

1. e4 e5 2. Nf3 Nc6 3. d4 exd4 4. Nxd4 Nf6 5. Nxc6 bxc6 6. e5 Qe7 7. Qe2 Nd5 8.
c4 Ba6 9. b3 g6 10. f4 Bg7 11. Qf2 Nb4 12. a3 Bxe5 13. fxe5 Qxe5+ 14. Kd1 Qxa1
15. axb4 Qxb1 16. Qe3+ Kd8 17. Qc3 Re8 18. Bd3 Qa2 19. Bb2 Bxc4 20. bxc4 c5 21.
bxc5 Qa6 22. Qf6+ Qxf6 23. Bxf6+ Kc8 24. g4 a5 25. Kd2 a4 26. Ra1 a3 27. Ra2
Ra6 28. Bb2 f5 29. gxf5 gxf5 30. Rxa3 Rxa3 31. Bxa3 f4 32. Bb2 Rg8 33. Bf1 Rg1
34. Ke1 Rh1 {=} 35. h3 f3 36. Be5 Kb7 37. Kf2 Kc6 38. Bd4 d6 39. cxd6 cxd6 40.
Be3 d5 41. c5 d4 42. Bxd4 Kd5 43. Be3 Ke4 44. Bg5 Rh2+ 45. Kg3 Rh1 46. Ba6 Rg1+
47. Kh4 f2 48. c6 Ra1 49. c7 Rxa6 50. c8=Q f1=Q 51. Qb7+ Kd4 52. Qb2+ Kc4 53.
Qc2+ Kd5 54. Qd2+ Ke6 55. Qe3+ Kf5 56. Qc5+ Kg6 57. Qc2+ Qf5 58. Qxf5+ Kxf5 59.
Kh5 Rg6 60. Bh6 Kf6 61. Bf4 Kg7 62. Be5+ Kg8 63. Bd4 Rd6 64. Bb2 h6 65. Kg4 Kh7
66. Be5 Rd5 67. Bf4 Kg6 68. Kf3 Rd3+ 69. Kg2 h5 70. Bh2 Rd2+ 71. Kh1 Kf5 72. h4
Kg4 73. Bg1 Kxh4 74. Bh2 Kh3 75. Bg1 Ra2 76. Bb6 Rh2+ 77. Kg1 Rb2 78. Bc7 Rb1+
79. Kf2 Rb7 80. Bd6 Rg7 81. Bb8 Rg2+ 82. Kf1 Rg4 83. Bc7 Kh4 84. Kf2 Kg5 85.
Bb8 h4 86. Bc7 h3 87. Bd8+ Kf5 88. Bc7 Rg2+ 0-1

[Event "Championnat de France - Accession"]
[Site "Chartres"]
[Date "2005.08.24"]
[Round "8.11"]
[White "Tranchant, Sebastien"]
[Black "Terrieux, Kevin"]
[Result "1-0"]
[WhiteElo "2150"]
[BlackElo "2365"]
[PlyCount "151"]
[EventDate "2005.??.??"]

1. e4 c5 2. Nf3 e6 3. d4 cxd4 4. Nxd4 d6 5. Nc3 a6 6. Be3 Nf6 7. f3 b5 8. g4
Nfd7 9. Qd2 Nb6 10. O-O-O Bb7 11. Nb3 N8d7 12. Na5 Rb8 13. Bf4 b4 14. Ne2 Ba8
15. Kb1 e5 16. Bg5 f6 17. Be3 d5 18. g5 Na4 19. Nb3 Ndb6 20. Ng3 Qc8 21. Bxb6
Nxb6 22. exd5 Bxd5 23. gxf6 gxf6 24. Ne4 Qc6 25. Bd3 Be7 26. Qh6 f5 27. Qxc6+
Bxc6 28. Ned2 Rf8 29. Rhe1 Bf6 30. Bxf5 Kf7 31. Bxh7 Rh8 32. Bd3 Rxh2 33. Bxa6
Rd8 34. Ne4 Rdh8 35. Nxf6 Kxf6 36. Bd3 R2h4 37. Rg1 R8h6 38. Nd2 Rd4 39. Ne4+
Bxe4 40. fxe4 Ke6 41. Rg8 Na4 42. Re8+ Kd6 43. Rb8 Rh4 44. Kc1 Nc5 45. Rd8+ Ke6
46. Re8+ Kd6 47. Rd8+ Ke6 48. Rxd4 exd4 49. Rg1 Rh5 50. Be2 Rh6 51. Bc4+ Kd6
52. e5+ Kxe5 53. Rg5+ Kd6 54. Rd5+ Kc6 55. Rxd4 Rh1+ 56. Rd1 Rh4 57. Be2 Rf4
58. Rg1 Rf2 59. Kd2 Ne6 60. Ke3 Rf5 61. Rg4 Re5+ 62. Kd2 Rd5+ 63. Bd3 Rd4 64.
Rxd4 Nxd4 65. c3 bxc3+ 66. Kxc3 Ne6 67. b4 Nc7 68. a4 Nd5+ 69. Kb3 Kb6 70. Be4
Nc7 71. Kc4 Ne8 72. a5+ Ka7 73. Kc5 Nc7 74. Bd3 Ne6+ 75. Kd6 Nd8 76. Be4 1-0

[Event "Championnat de France - Accession"]
[Site "Chartres"]
[Date "2005.08.24"]
[Round "8.12"]
[White "Govciyan, Pavel"]
[Black "Monroy, Charles"]
[Result "1-0"]
[WhiteElo "2328"]
[BlackElo "2328"]
[PlyCount "61"]
[EventDate "2005.??.??"]

1. d4 Nf6 2. Nc3 d5 3. Bg5 Nbd7 4. Qd3 c6 5. Nf3 Qa5 6. Bd2 Qc7 7. e4 dxe4 8.
Nxe4 Nxe4 9. Qxe4 Nf6 10. Qd3 Bg4 11. Ne5 Bh5 12. Qh3 Rd8 13. c3 Rg8 14. Bc4
Bg6 15. g4 e6 16. O-O-O b5 17. Bb3 c5 18. Nxg6 hxg6 19. g5 Nh5 20. Rhe1 c4 21.
Bc2 Be7 22. Re5 Rd6 23. Rxb5 Ra6 24. Qf3 Rxa2 25. Kb1 Ra5 26. Rxa5 Qxa5 27.
Qc6+ Kf8 28. Ba4 Qd8 29. Be3 Bd6 30. d5 e5 31. Bc5 1-0

[Event "Championnat de France - Accession"]
[Site "Chartres"]
[Date "2005.08.24"]
[Round "8.13"]
[White "Bergez, Luc"]
[Black "Ragot, Nicolas"]
[Result "1-0"]
[WhiteElo "2353"]
[BlackElo "2156"]
[PlyCount "89"]
[EventDate "2005.??.??"]

1. e4 c5 2. Nf3 Nc6 3. c3 d5 4. exd5 Qxd5 5. d4 Nf6 6. dxc5 Qxc5 7. Be3 Qa5 8.
Na3 e6 9. Nb5 Nd5 10. Bd2 Qd8 11. c4 Nc7 12. Bc3 Qxd1+ 13. Rxd1 Nxb5 14. cxb5
Ne7 15. Bc4 b6 16. Ne5 Bb7 17. Nd7 Rc8 18. Bb3 Bd5 19. Nxf8 Bxb3 20. axb3 Rxf8
21. Ra1 Ra8 22. Bxg7 Rg8 23. Bd4 Nd5 24. g3 Nb4 25. Ra4 Nc2+ 26. Ke2 Nxd4+ 27.
Rxd4 Ke7 28. Rc1 Rac8 29. Rdc4 Rxc4 30. bxc4 Rd8 31. Rd1 Ra8 32. b4 a5 33. Ra1
a4 34. Kd3 Kd6 35. Kc3 e5 36. c5+ bxc5 37. Rd1+ Kc7 38. bxc5 a3 39. Kb3 a2 40.
Ra1 Ra5 41. Rxa2 Rxb5+ 42. Kc4 Rb1 43. Ra7+ Kc6 44. Ra6+ Kc7 45. Rf6 1-0

[Event "Championnat de France - Accession"]
[Site "Chartres"]
[Date "2005.08.24"]
[Round "8.14"]
[White "Therkildsen, Thomas"]
[Black "Lepelletier, Benoit"]
[Result "0-1"]
[WhiteElo "2264"]
[BlackElo "2459"]
[PlyCount "90"]
[EventDate "2005.??.??"]

1. e4 c5 2. c3 Nf6 3. e5 Nd5 4. d4 cxd4 5. Nf3 e6 6. cxd4 b6 7. Nc3 Nxc3 8.
bxc3 Qc7 9. Bd2 Bb7 10. Bd3 d6 11. O-O Nd7 12. Ng5 dxe5 13. Qh5 g6 14. Qh3 Bg7
15. Rae1 Rb8 16. f4 e4 17. Nxe4 O-O 18. Ng3 f5 19. Rxe6 Rbe8 20. Re2 Rxe2 21.
Nxe2 Nf6 22. Nc1 Re8 23. c4 Ng4 24. Nb3 a5 25. a4 Qd7 26. d5 Qxa4 27. Rb1 Qa2
28. Qg3 a4 29. Re1 Rf8 30. h3 axb3 31. hxg4 Qxd2 32. Re2 Qd1+ 33. Kh2 Bd4 34.
Qf3 b2 35. Re7 Qg1+ 36. Kg3 fxg4 37. Qe2 Bc8 38. d6 b1=Q 39. Bxb1 Qxb1 40. d7
Bxd7 41. Rxd7 Qb3+ 42. Kh2 Qe3 43. Qxg4 Qxf4+ 44. Qxf4 Rxf4 45. Kg3 g5 0-1

[Event "Championnat de France - Accession"]
[Site "Chartres"]
[Date "2005.08.24"]
[Round "8.15"]
[White "Picard, Romain"]
[Black "Ravot, Sylvain"]
[Result "0-1"]
[WhiteElo "2369"]
[BlackElo "2265"]
[PlyCount "124"]
[EventDate "2005.??.??"]

1. e4 e5 2. Nf3 Nc6 3. Bc4 Nf6 4. d3 Be7 5. O-O O-O 6. a4 d6 7. Re1 Kh8 8. a5
a6 9. c3 Ng8 10. d4 Bg4 11. d5 Nb8 12. Bd3 c5 13. b4 Nd7 14. Na3 Qc7 15. Nc4 f5
16. exf5 Ngf6 17. Ne3 Bxf3 18. Qxf3 e4 19. Bxe4 Ne5 20. Qd1 Nxe4 21. f4 Nf7 22.
Qd3 Nxc3 23. Qxc3 Bf6 24. Qa3 cxb4 25. Qa2 b3 26. Qa4 Qc3 27. Ba3 Bd4 28. Kh1
Bxe3 29. Bb4 Qd3 30. Ba3 Rac8 31. Rad1 Qc2 32. Rb1 Bd2 33. Red1 Qxf5 34. Qxb3
Bxf4 35. Rf1 Qg5 36. Qh3 Qh6 37. Rxb7 Qxh3 38. gxh3 g5 39. h4 Kg8 40. hxg5 Be5
41. Rf2 Rc4 42. Bb2 Bxb2 43. Rbxb2 Nxg5 44. Rxf8+ Kxf8 45. Rb6 Rc2 46. Kg1 Nf3+
47. Kf1 Nxh2+ 48. Ke1 Nf3+ 49. Kf1 Ke7 50. Rxa6 h5 51. Ra8 Ra2 52. a6 Nd4 53.
Kg1 Nb5 54. Rb8 Ra5 55. Rb6 Nc3 56. Rb7+ Kf6 57. a7 Ke5 58. Rh7 Nxd5 59. Rxh5+
Kd4 60. Rh7 Ra2 61. Rd7 Kc5 62. Kf1 Kc6 0-1

[Event "Championnat de France - Accession"]
[Site "Chartres"]
[Date "2005.08.24"]
[Round "8.17"]
[White "Vernay, Clovis"]
[Black "Lerch, Patrice"]
[Result "1/2-1/2"]
[WhiteElo "2238"]
[BlackElo "2291"]
[PlyCount "61"]
[EventDate "2005.??.??"]

1. d4 Nf6 2. c4 e6 3. Nc3 Bb4 4. Qc2 c5 5. dxc5 O-O 6. Bg5 Bxc5 7. Nf3 Nc6 8.
Rd1 Qa5 9. a3 Nd4 10. Nxd4 Bxd4 11. Rxd4 Qxg5 12. e3 b6 13. f4 Qh6 14. g3 e5
15. Rd6 exf4 16. Nd5 Bb7 17. Nxf6+ gxf6 18. Rg1 fxe3 19. Bd3 Rae8 20. Qe2 Be4
21. Bxe4 Rxe4 22. Rf1 Re6 23. Rxd7 Qg6 24. Rf4 Kh8 25. Qd3 a5 26. a4 Kg7 27.
Rdd4 h5 28. Ke2 Rfe8 29. b3 R8e7 30. Rd5 Re5 31. Rdd4 1/2-1/2

[Event "Championnat de France - Accession"]
[Site "Chartres"]
[Date "2005.08.24"]
[Round "8.18"]
[White "Comte, Frederic"]
[Black "Feller, Sebastien"]
[Result "1/2-1/2"]
[WhiteElo "2180"]
[BlackElo "2282"]
[PlyCount "72"]
[EventDate "2005.??.??"]

1. e4 c5 2. Nf3 e6 3. b3 b6 4. d4 cxd4 5. Nxd4 a6 6. c4 Bb7 7. Bd3 Qc7 8. O-O
Nf6 9. Qe2 d6 10. Bb2 Nbd7 11. Nc3 Be7 12. Rac1 O-O 13. Kh1 Rac8 14. Bb1 Qb8
15. f4 {=} 15... Rfd8 16. Nf3 Ne8 17. e5 Bxf3 18. Qxf3 dxe5 19. f5 Nef6 20.
fxe6 fxe6 21. Ne4 Nxe4 22. Qxe4 Nf6 23. Rxf6 Bxf6 24. Qxh7+ Kf7 25. Qg6+ Ke7
26. Ba3+ Rc5 27. b4 Qd6 28. h3 Ra5 29. c5 Qd1+ 30. Rxd1 Rxd1+ 31. Kh2 Rxa3 32.
Qc2 Re1 33. cxb6 Bh4 34. g4 Rae3 35. Qc5+ Kf7 36. Qc7+ Kf8 1/2-1/2

[Event "Championnat de France - Accession"]
[Site "Chartres"]
[Date "2005.08.24"]
[Round "8.20"]
[White "Dimitrov, Christo"]
[Black "Delorme, Alban"]
[Result "0-1"]
[WhiteElo "2270"]
[BlackElo "2254"]
[PlyCount "69"]
[EventDate "2005.??.??"]

1. d4 Nf6 2. Nf3 e6 3. c4 b6 4. g3 Ba6 5. b3 d5 6. Bg2 c6 7. O-O Bd6 8. Nbd2
O-O 9. Qc2 Nbd7 10. Bb2 Re8 11. e4 e5 12. dxe5 Nxe5 13. exd5 cxd5 14. Rfe1 Qc7
15. Qc3 Ned7 16. Nd4 Rxe1+ 17. Rxe1 Rc8 18. Nf5 dxc4 19. Nxc4 Bf8 20. Qf3 Bxc4
21. bxc4 Qxc4 22. Bh3 Qb4 23. Re2 g6 24. Bxf6 Rc1+ 25. Kg2 Nxf6 26. Nh6+ Kg7
27. Qe3 Qb1 28. Bf5 Rg1+ 29. Kf3 Qf1 30. Qg5 Qg2+ 31. Ke3 Bc5+ 32. Kf4 Rf1 33.
Ke5 Qd5+ 34. Kf4 Qd4+ 35. Kf3 0-1

[Event "Championnat de France - Accession"]
[Site "Chartres"]
[Date "2005.08.24"]
[Round "8.41"]
[White "Vilaisarn, Akkhavanh"]
[Black "Carvallo, Henri"]
[Result "1-0"]
[WhiteElo "2199"]
[BlackElo "2191"]
[PlyCount "115"]
[EventDate "2005.??.??"]

1. Nf3 d6 2. g3 e5 3. Bg2 f5 4. c4 Nf6 5. O-O Be7 6. b4 O-O 7. Nc3 Qe8 8. Nd5
Bd8 9. Bb2 Qh5 10. Nxf6+ Bxf6 11. Qb3 Nc6 12. c5+ Kh8 13. b5 Nd8 14. cxd6 cxd6
15. Qb4 Nf7 16. Rfc1 Rd8 17. Rc7 Rb8 18. Rc2 Qg4 19. Qa3 a6 20. b6 f4 21. d3
fxg3 22. hxg3 d5 23. Rc7 Be6 24. Rac1 Qh5 25. Qb3 Nh6 26. Qc2 Ng4 27. Ba3 e4
28. dxe4 dxe4 29. Qxe4 Bd5 30. Qf4 g5 31. Qf5 Bd4 32. e3 Bf6 33. e4 Bc6 34. e5
Bxf3 35. Qxf3 Bxe5 36. Bc5 Re8 37. Re7 Qh2+ 38. Kf1 Qh5 39. Qf5 Rf8 40. Rxh7+
Qxh7 41. Qxg4 Qf5 42. Qh5+ Kg7 43. Kg1 Rf7 44. Bh3 Qg6 45. Qg4 Rd8 46. Be3 Rh8
47. Bg2 Qf6 48. Bd5 Qf5 49. Qxf5 Rxf5 50. Bxb7 a5 51. Rc5 Re8 52. Rxa5 Rf6 53.
Rb5 Kg6 54. a4 Bxg3 55. Rxg5+ Kf7 56. Rxg3 Rg6 57. Rxg6 Kxg6 58. a5 1-0

[Event "Championnat de France - Open A"]
[Site "Chartres"]
[Date "2005.??.??"]
[Round "8.1"]
[White "Rabineau, Clement"]
[Black "Rigolot, Matthieu"]
[Result "0-1"]
[WhiteElo "2179"]
[BlackElo "2121"]
[PlyCount "52"]
[EventDate "2005.??.??"]

1. e4 c5 2. Nf3 d6 3. d4 cxd4 4. Nxd4 Nf6 5. Nc3 a6 6. Bc4 e6 7. Bb3 b5 8. Bg5
Be7 9. Qf3 Qb6 10. O-O-O Nbd7 11. Rhe1 O-O 12. Qg3 Nc5 13. Bh6 Ne8 14. Nf5
Nxb3+ 15. axb3 exf5 16. Nd5 Qd8 17. exf5 Bf6 18. Rxe8 Rxe8 19. Bxg7 Bh4 20. Qc3
Qg5+ 21. f4 Qxg7 22. f6 Qxg2 23. Qc6 Bh3 24. Qxd6 Re1 25. Rxe1 Bxe1 26. Qc5 Qf1
0-1

[Event "Championnat de France - Open A"]
[Site "Chartres"]
[Date "2005.??.??"]
[Round "8.2"]
[White "Laval, Brice"]
[Black "Entem, Alan"]
[Result "1-0"]
[WhiteElo "2178"]
[BlackElo "2127"]
[PlyCount "71"]
[EventDate "2005.??.??"]

1. d4 d5 2. Nf3 c6 3. Nbd2 Nf6 4. e3 a6 5. Bd3 Nbd7 6. O-O e6 7. Re1 Be7 8. c3
O-O 9. Bc2 c5 10. a3 b5 11. Qe2 Bb7 12. Ne5 Rc8 13. Rf1 b4 14. Ndf3 Qc7 15.
Nxd7 Nxd7 16. dxc5 bxc3 17. b4 Ne5 18. Nd4 Bf6 19. f4 Nc6 20. Qd3 g6 21. Qxc3
e5 22. fxe5 Bxe5 23. h3 Qe7 24. Qd2 Bb8 25. Nf3 Ne5 26. Bb3 Nxf3+ 27. Rxf3 Qe5
28. Bb2 d4 29. Qxd4 Bxf3 30. Qxe5 Bxe5 31. Bxe5 Be4 32. Bc4 Rfe8 33. Bd4 Bb7
34. Rf1 Re6 35. a4 a5 36. b5 1-0

[Event "Championnat de France - Open A"]
[Site "Chartres"]
[Date "2005.??.??"]
[Round "8.3"]
[White "Bianchi, Guillaume"]
[Black "Pieroni, Guillaume"]
[Result "0-1"]
[WhiteElo "2155"]
[BlackElo "2097"]
[PlyCount "116"]
[EventDate "2005.??.??"]

1. d4 e6 2. c4 Nf6 3. Nc3 d5 4. cxd5 exd5 5. Bg5 Be7 6. e3 c6 7. Qc2 Nbd7 8.
Bd3 O-O 9. Nf3 Re8 10. O-O Nf8 11. h3 Ne4 12. Bf4 f5 13. Ne5 Ng6 14. Nxg6 hxg6
15. f3 Nf6 16. Qf2 Nh5 17. Be5 Bh4 18. Qc2 Ng3 19. Rfd1 Qg5 20. Bf4 Qe7 21. Ne2
Nxe2+ 22. Qxe2 Bf6 23. Re1 g5 24. Bg3 Qb4 25. a3 Qb6 26. Qd2 Bd7 27. Bf2 Re7
28. Rad1 Rae8 29. Bb1 Qb3 30. Qc1 g6 31. Bc2 Qb6 32. Qb1 Qa5 33. g4 Rh7 34. Kg2
Rf8 35. gxf5 Bd8 36. e4 dxe4 37. fxe4 gxf5 38. exf5 Bxf5 39. Re5 Bxc2 40. Qa2+
Rhf7 41. Rxa5 Bxa5 42. Rc1 Be4+ 43. Kg1 Bd2 44. Rd1 Bf4 45. Rf1 Kg7 46. Qb3 {#}
46... Bd5 47. Qd3 b5 48. b3 a5 49. a4 b4 50. Qd1 Be3 51. Bxe3 Rxf1+ 52. Qxf1
Rxf1+ 53. Kxf1 Kg6 54. h4 gxh4 55. Bf4 Bxb3 56. Bc7 Bc4+ 57. Ke1 b3 58. Kd2 h3
0-1

[Event "Championnat de France - Open A"]
[Site "Chartres"]
[Date "2005.??.??"]
[Round "8.4"]
[White "Moussard, Jules"]
[Black "Garbarino, Xavier"]
[Result "1/2-1/2"]
[WhiteElo "2054"]
[BlackElo "2191"]
[PlyCount "119"]
[EventDate "2005.??.??"]

1. e4 Nc6 2. Nf3 d6 3. d4 Nf6 4. Nc3 Bg4 5. Be3 g6 6. d5 Nb8 7. h3 Bxf3 8. gxf3
c6 9. Bc4 Bg7 10. Qd2 O-O 11. Bh6 Qa5 12. Bxg7 Kxg7 13. h4 b5 14. Bb3 c5 15. a3
h5 16. O-O c4 17. Ba2 Nbd7 18. Qd4 Rab8 19. Ne2 Qb6 20. Rad1 Rfc8 21. Kg2 Qxd4
22. Nxd4 Rb7 23. Bb1 Kf8 24. c3 Nc5 25. Bc2 a5 26. Nc6 Ra8 27. Rb1 Nfd7 28. f4
Nb8 29. Nd4 Ra6 30. f5 b4 31. Rbc1 bxc3 32. bxc3 Rb2 33. fxg6 fxg6 34. Rb1 Rab6
35. Rxb2 Rxb2 36. Rb1 Rxb1 37. Bxb1 Na4 38. Nb5 Nd7 39. Kf3 Kf7 40. Ke3 Kf6 41.
f4 Ndc5 42. Bc2 Nb2 43. Nd4 Nbd3 44. Nc6 Ne1 45. Bb1 a4 46. e5+ Kf7 47. Na5
Ng2+ 48. Kf3 Nxh4+ 49. Kg3 Nf5+ 50. Bxf5 gxf5 51. Nxc4 Ne4+ 52. Kh4 Nxc3 53.
Kxh5 dxe5 54. Nxe5+ Kf6 55. Nd7+ Kf7 56. Nb6 Kf6 57. Kh4 Ne2 58. Nd7+ Kg6 59.
Ne5+ Kf6 60. Nd7+ 1/2-1/2

[Event "Championnat de France - Open A"]
[Site "Chartres"]
[Date "2005.??.??"]
[Round "8.6"]
[White "Couttet, Jean-Marie"]
[Black "Choisy, Mathilde"]
[Result "0-1"]
[WhiteElo "2170"]
[BlackElo "2113"]
[PlyCount "77"]
[EventDate "2005.??.??"]

1. e4 c5 2. Nc3 Nc6 3. f4 e6 4. Nf3 g6 5. Bb5 Nge7 6. O-O Bg7 7. e5 d5 8. exd6
Qxd6 9. d3 O-O 10. Ne4 Qc7 11. Qe1 Nf5 12. Bxc6 Qxc6 13. Ne5 Qc7 14. Bd2 b6 15.
Bc3 Bb7 16. Ng4 Nd4 17. Ngf6+ Kh8 18. Qh4 h6 19. g4 Ne2+ 20. Kh1 Nxc3 21. bxc3
Qd8 22. g5 Bxf6 23. gxf6 Kh7 24. Rf3 Bxe4 25. dxe4 h5 26. Qg5 Rh8 27. f5 exf5
28. exf5 Qd6 29. fxg6+ fxg6 30. Rg1 Rhg8 31. f7 Rg7 32. Rf6 Qe7 33. Rgf1 Qe4+
34. Kg1 Rf8 35. Qg3 Qxc2 36. Qd6 Rh8 37. f8=Q Rxf8 38. Qxf8 Qxc3 39. R1f2 0-1

[Event "Championnat de France - Open A"]
[Site "Chartres"]
[Date "2005.??.??"]
[Round "8.7"]
[White "Faby, Fabrice"]
[Black "Platel, Alexandre"]
[Result "1-0"]
[WhiteElo "2111"]
[BlackElo "2164"]
[PlyCount "41"]
[EventDate "2005.??.??"]

1. e4 e5 2. f4 Bc5 3. Nf3 d6 4. c3 Nf6 5. fxe5 dxe5 6. d4 exd4 7. cxd4 Bb6 8.
e5 Ne4 9. Nc3 Bf5 10. Bd3 Ba5 11. Qc2 Nxc3 12. bxc3 Bxd3 13. Qxd3 Qd5 14. O-O
b5 15. Ba3 Nd7 16. Ng5 f6 {#} 17. exf6 Qxg5 18. Qe4+ Kf7 19. Rf5 Qh6 20. fxg7+
Kxg7 21. Qe7+ 1-0

[Event "Championnat de France - Open A"]
[Site "Chartres"]
[Date "2005.??.??"]
[Round "8.8"]
[White "Vincent, Didier"]
[Black "Milanovic, Dino"]
[Result "1-0"]
[WhiteElo "2110"]
[BlackElo "2148"]
[PlyCount "75"]
[EventDate "2005.??.??"]

1. e4 c5 2. Nf3 e6 3. d4 cxd4 4. Nxd4 Nf6 5. Bd3 a6 6. O-O d6 7. Nc3 Qc7 8. Be3
Be7 9. Qe2 Nbd7 10. f4 b5 11. a3 Bb7 12. Kh1 Rc8 13. Rae1 Qb8 14. Bd2 h5 15.
Nd5 Nxd5 16. exd5 Bxd5 17. Nf5 Bf6 18. Ne3 Bb7 19. c4 bxc4 20. Nxc4 Nc5 21. f5
e5 22. b4 Nxd3 23. Qxd3 Rd8 24. Be3 O-O 25. Bb6 d5 26. Na5 Rd7 27. Qb3 h4 28.
Bf2 Qd8 29. Bc5 Re8 30. g4 Ba8 31. Kg1 e4 32. Be3 d4 33. Bf4 d3 34. Be3 d2 35.
Rd1 Bd4 36. Nc4 Bxe3+ 37. Nxe3 Rd3 38. Rf2 1-0

[Event "Championnat de France - Open A"]
[Site "Chartres"]
[Date "2005.??.??"]
[Round "8.9"]
[White "Milesi, Laurent"]
[Black "Woehrel, Hermann"]
[Result "1-0"]
[WhiteElo "2144"]
[BlackElo "2106"]
[PlyCount "49"]
[EventDate "2005.??.??"]

1. e4 c5 2. Nf3 Nc6 3. Nc3 g6 4. d4 cxd4 5. Nxd4 Bg7 6. Be3 Nf6 7. Be2 O-O 8.
Nb3 a5 9. a4 Nb4 10. f4 d5 11. e5 Ne8 12. Bf3 Be6 13. Nd4 Bh6 14. h4 Nc6 15.
Ncb5 Nc7 16. h5 Bg7 17. hxg6 Nxb5 18. Nxe6 fxe6 19. axb5 Nb4 20. Bg4 Rf5 21.
Bxf5 exf5 22. Rxh7 d4 23. Bd2 Rc8 24. Qh5 Qf8 25. Rh8+ 1-0